U.S. Counties with the Largest Economies - Statistics

General Stats
  • This quiz has been taken 842 times
  • The average score is 13 of 25
Answer Stats
GDP County % Correct
$656.0 Los Angeles
92%
$629.7 New York
87%
$132.1 Miami-Dade
84%
$143.2 San Francisco
79%
$243.7 Dallas
76%
$243.5 Orange
73%
$200.8 San Diego
67%
$355.3 Cook
65%
$247.5 King
61%
$117.3 District of Columbia
60%
$105.6 Philadelphia
59%
$418.4 Harris
52%
$202.1 Maricopa
50%
$147.9 Fulton
43%
$97.2 Clark
40%
$106.1 Alameda
35%
$254.9 Santa Clara
35%
$123.3 Suffolk
35%
$102.6 Bexar
31%
$107.6 Tarrant
31%
$95.1 Fairfax
29%
$125.8 Hennepin
29%
$101.0 Oakland
26%
$99.3 Mecklenburg
23%
$141.1 Middlesex
23%
No matching quizzes found
Score Distribution
Percent of People with Each Score
Percentile by Number Answered
Your Score History
You have not taken this quiz